Oscar Best Actor Movies - Statistics

General Stats
  • This quiz has been taken 47 times
    5 since last reset
  • The average score is 80 of 99
Answer Stats
Year Actor Movie % Correct
1984 F. Murray Abraham Amadeus
100%
1999 Kevin Spacey American Beauty
100%
1997 Jack Nicholson As Good as It Gets
100%
1959 Charlton Heston Ben-Hur
100%
2005 Philip Seymour Hoffman Capote
100%
2013 Matthew McConaughey Dallas Buyers Club
100%
1994 Tom Hanks Forrest Gump
100%
1982 Ben Kingsley Gandhi
100%
2000 Russell Crowe Gladiator
100%
1967 Rod Steiger In the Heat of the Night
100%
2019 Joaquin Phoenix Joker
100%
2021 Will Smith King Richard
100%
1979 Dustin Hoffman Kramer vs Kramer
100%
1998 Roberto Benigni Life is Beautiful
100%
2012 Daniel Day-Lewis Lincoln
100%
2008 Sean Penn Milk
100%
1989 Daniel Day-Lewis My Left Foot
100%
2003 Sean Penn Mystic River
100%
1981 Henry Fonda On Golden Pond
100%
2023 Cillian Murphy Oppenheimer
100%
1970 George C. Scott Patton
100%
1993 Tom Hanks Philadelphia
100%
1980 Robert De Niro Raging Bull
100%
1988 Dustin Hoffman Rain Man
100%
2004 Jamie Foxx Ray
100%
1986 Paul Newman The Color of Money
100%
1956 Yul Brynner The King and I
100%
2010 Colin Firth The King's Speech
100%
2006 Forest Whitaker The Last King of Scotland
100%
2002 Adrien Brody The Pianist
100%
1991 Anthony Hopkins The Silence of the Lambs
100%
2022 Brendan Fraser The Whale
100%
1962 Gregory Peck To Kill a Mockingbird
100%
1987 Michael Douglas Wall Street
100%
1949 Broderick Crawford All the King's Men
80%
2018 Rami Malek Bohemian Rhapsody
80%
1938 Spencer Tracy Boys Town
80%
1978 Jon Voight Coming Home
80%
1944 Bing Crosby Going My Way
80%
1948 Laurence Olivier Hamlet
80%
1952 Gary Cooper High Noon
80%
1934 Clark Gable It Happened One Night
80%
1985 William Hurt Kiss of the Spider Woman
80%
1995 Nicolas Cage Leaving Las Vegas
80%
1963 Sidney Poitier Lilies of the Field
80%
2016 Casey Affleck Manchester by the Sea
80%
1955 Ernest Borgnine Marty
80%
1976 Peter Finch Network
80%
1975 Jack Nicholson One Flew Over the Cuckoo's Nest
80%
1990 Jeremy Irons Reversal of Fortune
80%
1992 Al Pacino Scent of a Woman
80%
1996 Geoffrey Rush Shine
80%
1951 Humphrey Bogart The African Queen
80%
2011 Jean Dujardin The Artist
80%
1957 Alec Guinness The Bridge on the River Kwai
80%
2024 Adrien Brody The Brutalist
80%
2020 Anthony Hopkins The Father
80%
1971 Gene Hackman The French Connection
80%
1972 Marlon Brando The Godfather
80%
1977 Richard Dreyfuss The Goodbye Girl
80%
1935 Victor McLaglen The Informer
80%
1945 Ray Milland The Lost Weekend
80%
1940 James Stewart The Philadelphia Story
80%
2015 Leonardo DiCaprio The Revenant
80%
2007 Daniel Day-Lewis There Will Be Blood
80%
2001 Denzel Washington Training Day
80%
1969 John Wayne True Grit
80%
1942 James Cagney Yankee Doodle Dandy
80%
1947 Ronald Colman A Double Life
60%
1930-31 Lionel Barrymore A Free Soul
60%
1966 Paul Scofield A Man for All Seasons
60%
1937 Spencer Tracy Captains Courageous
60%
1965 Lee Marvin Cat Ballou
60%
1968 Cliff Robertson Charly
60%
2009 Jeff Bridges Crazy Heart
60%
1950 Jose' Ferrer Cyrano de Bergerac
60%
2017 Gary Oldman Darkest Hour
60%
1929-30 George Arliss Disraeli
60%
Fredric March Dr. Jekyll and Mr. Hyde
60%
1960 Burt Lancaster Elmer Gantry
60%
1939 Robert Donat Goodbye, Mr. Chips
60%
1974 Art Carney Harry and Tonto
60%
1928-29 Warner Baxter In Old Arizona
60%
1961 Maximilian Schell Judgment at Nuremberg
60%
1964 Rex Harrison My Fair Lady
60%
1954 Marlon Brando On the Waterfront
60%
1973 Jack Lemmon Save the Tiger
60%
1958 David Niven Separate Tables
60%
1941 Gary Cooper Sergeant York
60%
2025 Michael B. Jordan Sinners
60%
1953 William Holden Stalag 17
60%
1946 Fredric March The Best Years of Our LIves
60%
1931-32 (TIE) Wallace Beery The Champ
60%
1927-28 Emil Jannings The Last Command and The Way of All Flesh
60%
1932-33 Charles Laughton The Private life of Henry VIII
60%
1936 Paul Muni The Story of Louis Pasteur
60%
2014 Eddie Redmayne The Theory of Everything
60%
1943 Paul Lukas Watch on the Rhine
60%
1983 Robert Duvall Tender Mercies
40%
No matching quizzes found
Score Distribution
Percent of People with Each Score
Percentile by Number Answered
Your Score History
You have not taken this quiz since the last reset